000 01230nam a2200205 i 4500
001 152981
003 ES-MaACL
005 20240217135153.0
008 980703s1827 sp |||| | spa d
040 _aCLM
_bspa
_cCCPB
100 1 _aCarrasco, Juan Vicente.
_935530
245 1 0 _aCompendio de Farmacologia, ó tratado de materia médica y farmacéuticas
_b: dispuesto con arreglo al que escribió en latin C. Sprengel /
_cJuan Vicente Carrasco.
260 _aMadrid :
_b[s.n.],
_c1827 (
_fImprenta que fué de García)
300 _a2 v. (VIII, 400 ; [4], 491 p.) ;
_c16 cm.
650 0 4 _aFarmacología.
_912725
852 _aES-MaACL
_jR-3461
_q Margen informativo derecho de la portada. roto, afectando al pie de imp.
_zCotejado con la relación de obras recuperadas expediente robo
_zCambio de signatura: datos tomados del fichero topográfico R.
_9158539
_dOlim: G-10600
_pvol.1
_x Encuadernación. pasta española
852 _aES-MaACL
_jR-3462
_q Margen informativo derecho de la portada. roto, afectando al pie de imp.
_zCotejado con la relación de obras recuperadas expediente robo
_zCambio de signatura: datos tomados del fichero topográfico R.
_9158539
_dOlim: G-10601
_pvol.2
942 _2udc
999 _c152981
_d152981